| 000 | 00315 a2200073 4500 | ||
|---|---|---|---|
| 245 | 0 |
_aRozdzielnia systemu ASEA 50 V, 720 A do zasilania central telefonicznych (Instr.Techn.Nr TS-524) / _cSkupiński J., Trembiński Władysław A.. |
|
| 710 | 2 |
_aInstytut Łączności. _eWydawca _4pbl |
|
| 260 |
_aWarszawa : _bIŁ, _c1955. |
||
| 300 |
_a37 s.; _c30 cm. |
||
| 999 |
_c14505 _d14505 |
||